|
|
|
|
| LEADER |
00000cam a22000004a 4500 |
| 001 |
musev2_71032 |
| 003 |
MdBmJHUP |
| 005 |
20230905051323.0 |
| 006 |
m o d |
| 007 |
cr||||||||nn|n |
| 008 |
110810s2011 ncu o 00 0 eng d |
| 020 |
|
|
|a 9780822394402
|
| 020 |
|
|
|z 9780822350507
|
| 020 |
|
|
|z 9780822350330
|
| 035 |
|
|
|a (OCoLC)1143356973
|
| 040 |
|
|
|a MdBmJHUP
|c MdBmJHUP
|
| 100 |
1 |
|
|a McDuffie, Erik S.,
|d 1970-
|
| 245 |
1 |
0 |
|a Sojourning for Freedom :
|b Black Women, American Communism, and the Making of Black Left Feminism /
|c Erik S. McDuffie.
|
| 264 |
|
1 |
|a Durham [NC] :
|b Duke University Press,
|c 2011.
|
| 264 |
|
3 |
|a Baltimore, Md. :
|b Project MUSE,
|c 2020
|
| 264 |
|
4 |
|c ©2011.
|
| 300 |
|
|
|a 1 online resource (326 pages):
|b illustrations
|
| 336 |
|
|
|a text
|b txt
|2 rdacontent
|
| 337 |
|
|
|a computer
|b c
|2 rdamedia
|
| 338 |
|
|
|a online resource
|b cr
|2 rdacarrier
|
| 505 |
0 |
|
|a Black communist women pioneers, 1919-1930 -- Searching for the Soviet promise, fighting for Scottsboro and Harlem's survival, 1930-1935 -- Toward a brighter dawn : black women forge the Popular Front, 1935-1940 -- Racing against Jim Crow, fascism, colonialism, and the Communist Party, 1940-1946 -- "We are sojourners for our rights" : the Cold War, 1946-1956 -- Ruptures and continuities, 1956 onward.
|
| 520 |
|
|
|a Intellectual and activist biography of four key black women leaders in the U.S. Communist Party illuminating the complex interplay of race, gender, sexuality, and politics and providing a genealogy for black women's movements of the 1960s and 1970s.
|
| 588 |
|
|
|a Description based on print version record.
|
| 650 |
|
7 |
|a African American women
|x Political activity.
|2 fast
|0 (OCoLC)fst00799461
|
| 650 |
|
7 |
|a African American feminists.
|2 fast
|0 (OCoLC)fst01201928
|
| 650 |
|
7 |
|a African American communists.
|2 fast
|0 (OCoLC)fst00799116
|
| 650 |
|
7 |
|a SOCIAL SCIENCE
|x Women's Studies.
|2 bisacsh
|
| 650 |
|
6 |
|a Feministes noires americaines.
|
| 650 |
|
6 |
|a Communistes noirs americains.
|
| 650 |
|
6 |
|a Noires americaines
|x Activite politique
|x Histoire
|y 20e siecle.
|
| 650 |
|
0 |
|a African American feminists.
|
| 650 |
|
0 |
|a African American communists.
|
| 650 |
|
0 |
|a African American women
|x Political activity
|x History
|y 20th century.
|
| 655 |
|
7 |
|a History.
|2 fast
|0 (OCoLC)fst01411628
|
| 655 |
|
7 |
|a Electronic books.
|2 local
|
| 710 |
2 |
|
|a Project Muse.
|e distributor
|
| 830 |
|
0 |
|a Book collections on Project MUSE.
|
| 856 |
4 |
0 |
|z Texto completo
|u https://projectmuse.uam.elogim.com/book/71032/
|
| 945 |
|
|
|a Project MUSE - Custom Collection
|